Lincoln on the verge : (Record no. 12740)
[ view plain ]
| 000 -LEADER | |
|---|---|
| fixed length control field | 01059nam a2200325 a 4500 |
| 001 - CONTROL NUMBER | |
| control field | 12740 |
| 003 - CONTROL NUMBER IDENTIFIER | |
| control field | BD-JhCC |
| 005 - DATE AND TIME OF LATEST TRANSACTION | |
| control field | 20230510092801.0 |
| 008 - FIXED-LENGTH DATA ELEMENTS--GENERAL INFORMATION | |
| fixed length control field | 230510s2020 nyuabc e b 001|0deng|d |
| 020 ## - INTERNATIONAL STANDARD BOOK NUMBER | |
| International Standard Book Number | 9781476739458 |
| 020 ## - INTERNATIONAL STANDARD BOOK NUMBER | |
| International Standard Book Number | 9781476739434 |
| 035 ## - SYSTEM CONTROL NUMBER | |
| System control number | (BD-JhCC)12740 |
| 035 ## - SYSTEM CONTROL NUMBER | |
| System control number | coutts059295965 |
| 040 ## - CATALOGING SOURCE | |
| Description conventions | rda |
| Modifying agency | NNfCLS |
| -- | UkOxU |
| -- | BD-JhCC |
| Transcribing agency | BD-JhCC |
| 050 #4 - LIBRARY OF CONGRESS CALL NUMBER | |
| Classification number | E440.5 |
| 082 04 - DEWEY DECIMAL CLASSIFICATION NUMBER | |
| Classification number | 973.7'092 |
| Edition number | 23 |
| Item number | WID 2020 |
| 100 1# - MAIN ENTRY--PERSONAL NAME | |
| Personal name | Widmer, Ted |
| Relator term | author. |
| 245 10 - TITLE STATEMENT | |
| Title | Lincoln on the verge : |
| Remainder of title | thirteen days to Washington / |
| Statement of responsibility, etc. | Ted Widmer. |
| 264 #1 - PRODUCTION, PUBLICATION, DISTRIBUTION, MANUFACTURE, AND COPYRIGHT NOTICE | |
| Place of production, publication, distribution, manufacture | New York : |
| Name of producer, publisher, distributor, manufacturer | Simon & Schuster, |
| Date of production, publication, distribution, manufacture, or copyright notice | 2020. |
| 264 #4 - PRODUCTION, PUBLICATION, DISTRIBUTION, MANUFACTURE, AND COPYRIGHT NOTICE | |
| Date of production, publication, distribution, manufacture, or copyright notice | ©2020 |
| 300 ## - PHYSICAL DESCRIPTION | |
| Extent | xii, 606 pages : |
| Other physical details | illustrations, maps (some colour), portraits ; |
| Dimensions | 22 cm |
| 336 ## - CONTENT TYPE | |
| Content type term | text |
| Source | rdacontent |
| 337 ## - MEDIA TYPE | |
| Media type term | unmediated |
| Source | rdamedia |
| 338 ## - CARRIER TYPE | |
| Carrier type term | volume |
| Source | rdacarrier |
| 504 ## - BIBLIOGRAPHY, ETC. NOTE | |
| Bibliography, etc. note | Includes bibliographical references and index. |
| 650 #0 - SUBJECT ADDED ENTRY--TOPICAL TERM | |
| Topical term or geographic name entry element | Presidents |
| Geographic subdivision | United States |
| Form subdivision | Biography |
| 651 #0 - SUBJECT ADDED ENTRY--GEOGRAPHIC NAME | |
| Geographic name | United States |
| General subdivision | History |
| Chronological subdivision | 1849-1877 |
| 651 #0 - SUBJECT ADDED ENTRY--GEOGRAPHIC NAME | |
| Geographic name | United States |
| General subdivision | Politics and government |
| Chronological subdivision | 1861-1865 |
| 942 ## - ADDED ENTRY ELEMENTS (KOHA) | |
| Source of classification or shelving scheme | Dewey Decimal Classification |
| Koha item type | Books |
| Withdrawn status | Lost status | Source of classification or shelving scheme | Damaged status | Not for loan | Home library | Current library | Shelving location | Date acquired | Cost, normal purchase price | Total Checkouts | Full call number | Barcode | Date last seen | Date last checked out | Copy number | Price effective from | Koha item type |
|---|---|---|---|---|---|---|---|---|---|---|---|---|---|---|---|---|---|
| Dewey Decimal Classification | JCC Rouf Library | JCC Rouf Library | General Stacks | 05/10/2023 | 1020.00 | 4 | 973.7'092 WID 2020 | 17728 | 02/04/2024 | 11/05/2023 | C-1 | 05/10/2023 | Books |